Thérapeutique médicale (Record no. 17604)
[ view plain ]
| 000 -LEADER | |
|---|---|
| fixed length control field | 00336 a2200157 4500 |
| 035 ## - SYSTEM CONTROL NUMBER | |
| System control number | 2731 |
| 100 ## - VEDETTE PRINCIPALE - NOM DE PERSONNE | |
| Personal name | Fabre, J. |
| 245 ## - TITLE STATEMENT | |
| Title | Thérapeutique médicale |
| 260 ## - PUBLICATION, DISTRIBUTION, ETC. (IMPRINT) | |
| Date of publication, distribution, etc | 1978 |
| 300 ## - PHYSICAL DESCRIPTION | |
| Extent | XXXIX-1133 p. |
| 700 ## - ADDED ENTRY--PERSONAL NAME | |
| Personal name | Balant, L. |
| 700 ## - ADDED ENTRY--PERSONAL NAME | |
| Personal name | Perrier, C. |
| Withdrawn status | Lost status | Damaged status | Not for loan | Location (home branch) | Sublocation or collection (holding branch) | Date acquired | Koha issues (times borrowed) | Koha full call number | Koha date last seen | Price effective from | Koha item type |
|---|---|---|---|---|---|---|---|---|---|---|---|
| Bibliothèque Faculté des Sciences de la Santé | Bibliothèque Faculté des Sciences de la Santé | 27/02/2009 | WB 300 THE | 27/02/2009 | 27/02/2009 | Livre |